| 000 | 01201nac a22003491u 4500 | ||
|---|---|---|---|
| 003 | EG-ScBUE | ||
| 005 | 20220104131720.0 | ||
| 008 | 200219s1985 enk f b 000 1 eng d | ||
| 020 | _a0140431403 | ||
| 020 | _a9780140431407 | ||
| 040 |
_aEG-ScBUE _beng _erda _cEG-ScBUE _dEG-ScBUE |
||
| 082 | 0 | 4 |
_a823.6 _bRIC _222 |
| 100 | 1 |
_aRichardson, Samuel, _d1689-1761, _eauthor. |
|
| 245 | 1 | 0 |
_aPamela, Or, Virtue rewarded / _cSamuel Richardson ; edited by Peter Sabor ; with an introduction by Margaret A. Doody. |
| 246 | 3 | 3 | _aVirtue rewarded |
| 264 | 1 |
_aLondon : _bPenguin Books, _c1985. |
|
| 300 |
_a537 pages ; _c20 cm. |
||
| 336 |
_2rdacontent _atext _btxt |
||
| 337 |
_2rdamedia _aunmediated _bn |
||
| 338 |
_2rdacarrier _avolume _bnc |
||
| 490 | 0 | _aPenguin classics | |
| 500 | _aDistributer: Al-Ahram. | ||
| 504 | _aIncludes bibliographical references. | ||
| 600 | 1 | 7 |
_aRichardson, Samuel, _d1689-1761 _xClarissa. _2BUEsh |
| 650 |
_aFiction in English. _2BUEsh |
||
| 651 | _2BUEsh | ||
| 653 |
_bHHUUEENN _cDecember2021 |
||
| 655 |
_vReading book _934232 |
||
| 700 | 1 |
_aSabor, Peter, _eeditor. |
|
| 700 | 1 |
_aDoody, Margaret A. _eauthor of introduction, etc. |
|
| 942 |
_cBB _k823.6 RIC _2ddc |
||
| 999 |
_c9999 _d9999 |
||